| 000 | 00394 a2200133 4500 | ||
|---|---|---|---|
| 005 | 20250607100418.0 | ||
| 020 | _a978-0-7619-6809-2 | ||
| 082 | _a025.5 HAR | ||
| 100 | _aHART, C. | ||
| 245 | _aDoing a Literature Search: A Comprehensive Guide for the Social Sciences. | ||
| 260 |
_aNew Delhi, _bSage, _c2001. |
||
| 300 |
_axiii,194p.: ill.; figures, table _bGlossary, Index _c24cm |
||
| 942 |
_2ddc _cBKS |
||
| 999 |
_c48 _d48 |
||